<?xml version="1.0" encoding="UTF-8"?>
<marc:record xmlns:marc="http://www.loc.gov/MARC21/slim">
   <marc:leader>00000nam a2200000 a 4500</marc:leader>
   <marc:datafield ind1="1" ind2=" " tag="100">
      <marc:subfield code="a">Stangl, BEd Waltraud</marc:subfield>
      <marc:subfield code="4">aut</marc:subfield>
      <marc:subfield code="e">Verfasser/-in</marc:subfield>
   </marc:datafield>
   <marc:datafield ind1=" " ind2=" " tag="653">
      <marc:subfield code="a">Kompetenzorientierter Unterricht</marc:subfield>
   </marc:datafield>
   <marc:datafield ind1=" " ind2=" " tag="653">
      <marc:subfield code="a">Bildungsstandardüberprüfung 2013</marc:subfield>
   </marc:datafield>
   <marc:datafield ind1=" " ind2=" " tag="653">
      <marc:subfield code="a">Auswertung BIST 2013</marc:subfield>
   </marc:datafield>
   <marc:datafield ind1=" " ind2=" " tag="653">
      <marc:subfield code="a">Kompetenzorientierter Mathematikunterricht</marc:subfield>
   </marc:datafield>
   <marc:datafield ind1=" " ind2=" " tag="653">
      <marc:subfield code="a">BIST 2018</marc:subfield>
   </marc:datafield>
   <marc:datafield ind1=" " ind2=" " tag="653">
      <marc:subfield code="a">Verteilung der Kompetenzstufen</marc:subfield>
   </marc:datafield>
   <marc:datafield ind1=" " ind2=" " tag="653">
      <marc:subfield code="a">M-Unterricht in der täglichen Unterrichtspraxis</marc:subfield>
   </marc:datafield>
   <marc:datafield ind1=" " ind2=" " tag="653">
      <marc:subfield code="a">Eidesstaatliche Erklärung</marc:subfield>
   </marc:datafield>
   <marc:datafield ind1="0" ind2="0" tag="245">
      <marc:subfield code="a">Grundkompetenzen Mathematik sichernvon</marc:subfield>
   </marc:datafield>
   <marc:datafield ind1="0" ind2="0" tag="245">
      <marc:subfield code="c">BEd Waltraud Stangl. BEd Mag. Dr. Ing. Josef Vögele</marc:subfield>
   </marc:datafield>
   <marc:datafield ind1=" " ind2="1" tag="264">
      <marc:subfield code="a">Stams</marc:subfield>
      <marc:subfield code="c">2020</marc:subfield>
   </marc:datafield>
   <marc:datafield ind1="1" ind2=" " tag="490">
      <marc:subfield code="a">Masterarbeit-PDF</marc:subfield>
   </marc:datafield>
   <marc:datafield ind1="1" ind2=" " tag="520">
      <marc:subfield code="a">ABSTRACT&lt;br/&gt;Die vorliegende Masterarbeit beschäftigt sich mit der Frage, wie zeitgemäßer&lt;br/&gt;Mathematikunterricht im Bereich Arbeiten mit Größen realisiert werden kann. Ist es&lt;br/&gt;durch einen solchen Unterricht möglich, das Erreichen der inhaltlichen mathematischen&lt;br/&gt;Kompetenz in der vierten Jahrgangsstufe zu begünstigen?&lt;br/&gt;Die Frage, wie Lehrer*innen bei standardisierten Überprüfungen mit ihren Schulkindern&lt;br/&gt;gute Ergebnisse erzielen können, lieferte den Anstoß zu dieser Masterarbeit:&lt;br/&gt;Ausgehend von den Ergebnissen einer Bildungsstandardüberprüfung wird versucht,&lt;br/&gt;mögliche Grundlagen kompetenzorientierten Unterrichts, wie Motivation, individuelles&lt;br/&gt;Lernen, kompetenzfördernde Aufgaben, etc., zu lokalisieren und verschiedene Beispiele&lt;br/&gt;– ohne Anspruch auf Vollständigkeit - für deren Einsatz bzw. Verwendung in der Praxis&lt;br/&gt;zu beschreiben.&lt;br/&gt;Die Ergebnisse der neuerlichen BIST-Überprüfung Mathematik 4 im Mai 2018 werden,&lt;br/&gt;nach der Veränderung des Mathematikunterrichts, erneut betrachtet und analysiert.&lt;br/&gt;Die durchgeführte empirische Studie wurde mittels Beobachtung und schriftlichen&lt;br/&gt;Befragungen ausgewertet. So konnten durch unterschiedliche Perspektiven&lt;br/&gt;Unterrichtssequenzen miteinander verglichen bzw. gegebenenfalls verändert werden.&lt;br/&gt;Die durchgeführte Aktionsforschung versucht aufzuzeigen, dass unter anderem das&lt;br/&gt;handelnde Tun in kooperativen Kleingruppen und die Öffnung des Unterrichts einen&lt;br/&gt;Beitrag zur Förderung mathematischer Kompetenzen, Unterstützung des schulischen&lt;br/&gt;Lernerfolgs und Steigerung der Lernfreude leisten können.</marc:subfield>
   </marc:datafield>
   <marc:datafield ind1=" " ind2=" " tag="041">
      <marc:subfield code="a">ger</marc:subfield>
   </marc:datafield>
   <marc:datafield ind1=" " ind2=" " tag="542">
      <marc:subfield code="d">Mag. Dr. Ing. Josef Vögele, BEd</marc:subfield>
   </marc:datafield>
   <marc:datafield ind1="1" ind2=" " tag="521">
      <marc:subfield code="a">0</marc:subfield>
   </marc:datafield>
   <marc:datafield ind1=" " ind2=" " tag="300">
      <marc:subfield code="a">101-PDF</marc:subfield>
   </marc:datafield>
</marc:record>
